000
00291nam a22001337a 4500
008
170320b xxu||||| |||| 00| 0 eng d
020
_a
9781560536215
041
_a
eng
080
_2
4 ED
_a
616.8
100
_a
7
101
_a
SHM
245
_a
NEUROLOGY SECRETS
_c
ROLAK.L.A
942
_2
udc
_c
BK
999
_c
8075
_d
8075